000 01665 a2200253 4500
001 16329
005 20260407155457.0
008 260407a2004 arg spa d
003 AR-UNSa-BCEJYS
040 _aAR-UNSa-BCEJYS
_bspa
_cAR-UNSa-BCEJYS
080 _a657.47
_xContabilidad de Costos
245 1 0 _aEl comportamiento de los costos y la gestión de la empresa
020 _a978-987-03-0318-3
264 1 _aBuenos Aires :
_bLa Ley
_c2004
300 _axiii, 480 p.
_c25 cm.
505 _a1. El comportamiento de los costos - 2. Introducción al concepto de punto de equilibrio - 3. El análisis costo-volumen-utilidad con datos expresados en bases diferentes - 4. El análisis costo-volumen-utilidad para empresas multiproductoras - 5. El análisis costo-volumen-utilidad en terminos monetarios para empresas de margen uniforme - 6. El análisis costo-volumen-utilidad en términos monetarios para empresas de margenes múltiples - 7. El planeamiento de los resultados y su tablero de control - 8. El uso de técnicas costo-volumen-utilidad para análisis sectoriales - 9. Elección de medios alternativos para fabricar productos o prestar servicios - 10. Decisiones ante alternativas excluyentes - 11. El análisis costo-volumen-utilidad ante comportamientos no constantes de las variables
041 _aspa
942 _cBK
590 _aniveau_biblio:m niveau_hierar:0
100 1 _aBottaro, Oscar Eduardo
700 1 _aRodríguez Jauregui, Hugo A.
700 1 _aYardin, Amaro Ramón
856 4 1 _uhttps://biblioeco.unsa.edu.ar/pmb/images/libros/El Comportamiento de los Costos y la Gestion de la Empresa-l87383.jpg.jpg
_yImagen de portada
_qimage/jpeg
999 _c706
_d706